Endemismo y otras singularidades de la Sierra Nevada de Santa Marta, Colombia. Posibles causas de origen y necesidad de conservarlos (Registro nro. 14053)
[ vista simple ]
| 000 -CABECERA | |
|---|---|
| Campo de control | 004900000a22001210004500 |
| 090 ## - CLASIFICACIÓN LOCAL | |
| Colección | AS |
| Consecutivo | Seriadas |
| 041 0# - IDIOMA | |
| Código de idioma para texto/pista de sonido o título separado | |
| 100 1# - ASIENTO PRINCIPAL--NOMBRE PERSONAL | |
| Nombre personal | Carbonó, Eduino |
| 245 10 - MENCION DE TITULO | |
| Título | Endemismo y otras singularidades de la Sierra Nevada de Santa Marta, Colombia. Posibles causas de origen y necesidad de conservarlos |
| 700 1# - ASIENTO SECUNDARIO - NOMBRE PERSONAL | |
| Nombre personal | Lozano Contreras, Gustavo |
| 773 1# - Item fuente: | |
| Título | Revista de la Academia Colombiana de Ciencias Exactas, Fisicas y Naturales |
| Especificación de materiales | 32 |
| Descripción física | 81 |
| Paginas del Articulo | 409-419 |
| Lugar, editorial y fecha de publicación | 1997 |
| Información sobre la relación | 21 |
| 942 ## - ELEMENTOS ADICIONALES (KOHA) | |
| Tipo de ítem | Artículo |
No hay ítems disponibles.